NAME THAT ORGANISM!!!!!!!!!!!! - Statistics

General Stats
  • This quiz has been taken 13 times
  • The average score is 9 of 16
Answer Stats
Picture Answer % Correct
Human
92%
Koi
92%
Mushroom
92%
Sunflower
92%
Moose
85%
Slug
85%
Elk
77%
Moss
77%
Mold
62%
Oak
46%
Pangolin
46%
Bighorn Sheep
38%
Zucchini
38%
Saguaro
8%
Common Kingfisher
0%
Madagascar Day Gecko
0%
No matching quizzes found
Score Distribution
Percent of People with Each Score
Percentile by Number Answered
Your Score History
You have not taken this quiz